000 00454nam a2200181Ia 4500
001 11444
005 20260306162828.0
008 260306t1992||||xx |||||||||||||| ||spa||
041 _aESP
082 _a985.052
_bS25H
100 _aSanta-Cruz Schuhkrafft, Andrés de
_eAUT
245 0 _aArchivo histórico del Mariscal Andrés de Santa-Cruz
260 _c1992
300 _a
_c23 cm.
650 _aGEN
654 _aCHU
942 _cLIB
_dJUS
_fJUS
_2ddc
_n
999 _c11444
_d11444